Wings of Fire NightWings - Sudden Death - Statistics

General Stats
  • This quiz has been taken 57 times
  • The average score is 6 of 10
Answers on the Grid
Answers color-coded by a green-red scale on the quiz's grid according to % correct below.
Clay
Umber
Olive
Newt
Cattail
Sawgrass
Pheasant
Anhinga
Copyu
Warthog
Typhoon
Tsunami
Orca
Auklet
Nautilus
Turtle
Fin
Indigo
Herring
Barracuda
Glory
Kinkajou
Peacemaker
Mango
Jacaranda
Splendor
Loris
Firefly
Boto
Liana
Deathbringer
Starflight
Moonwatcher
Vigilance
Darkstalker
Quickstrike
Thoughtful
Qibli
Sunny
Prickle
Burn
Horizon
Arid
Six-Claws
Torch
Addax
Jerboa III
Arctic
Snowfox
Changbai
Winter
Lynx
Hailstorm
Caribou
Alba
Peril
Sky
Vermillion
Eagle
Garnet
Thrush
Cliff
Avalanche
Pyrite
Carmine
Io
Blue
Luna
Burnet
Diadem
Atala
Clubtail
Morpho
Tau
Grayling
Bumblebee
Cricket
Bombardier
Earwig
Malachite
Treehopper
The Librarian
Wasp
Tsetse
Weevil
Sundew
Cobra Lily
Hazel
Hawthorn
Belladonna
Bryony
Pokeweed
Maple
Zelkova
Willow
 
Answer Stats
Answer % Correct
Darkstalker
87%
Moonwatcher
81%
Starflight
81%
Deathbringer
77%
Thoughtful
74%
Peacemaker
65%
Quickstrike
61%
Vigilance
61%
Sunny
16%
Firefly
13%
No matching quizzes found
Score Distribution
Percent of People with Each Score
Percentile by Number Answered
Your Score History
You have not taken this quiz